All the Ballon D'Or Winners - Statistics

General Stats
  • This quiz has been taken 148 times
    113 since last reset
  • The average score is 44 of 68
Answer Stats
Year Winner Nationality % Correct
2008 Cristiano Ronaldo Portugal
100%
2013 Cristiano Ronaldo Portugal
100%
2014 Cristiano Ronaldo Portugal
100%
2016 Cristiano Ronaldo Portugal
100%
2017 Cristiano Ronaldo Portugal
100%
2009 Lionel Messi Argentina
100%
2010 Lionel Messi Argentina
100%
2011 Lionel Messi Argentina
100%
2012 Lionel Messi Argentina
100%
2015 Lionel Messi Argentina
100%
2019 Lionel Messi Argentina
100%
2021 Lionel Messi Argentina
100%
2023 Lionel Messi Argentina
100%
1997 Ronaldo Nazário Brazil
100%
2002 Ronaldo Nazário Brazil
100%
2018 Luka Modrić Croatia
91%
2024 Rodri Hernández Spain
89%
2005 Ronaldinho Brazil
89%
2022 Karim Benzema France
88%
2007 Kaká Brazil
85%
1998 Zinedine Zidane France
80%
2006 Fabio Cannavaro Italy
79%
2000 Luis Figo Portugal
78%
2004 Andriy Shevchenko Ukraine
77%
1963 Lev Yashin Soviet Union
76%
1971 Johan Cruyff Netherlands
74%
1973 Johan Cruyff Netherlands
74%
1974 Johan Cruyff Netherlands
74%
2001 MIchael Owen England
74%
1972 Franz Beckenbauer Germany
71%
1976 Franz Beckenbauer Germany
71%
1988 Marco van Basten Netherlands
71%
1989 Marco van Basten Netherlands
71%
1992 Marco van Basten Netherlands
71%
2003 Pavel Nedvěd Czech Republic
71%
1995 George Weah Liberia
70%
1970 Gerd Müller Germany
70%
1983 Michel Platini France
67%
1984 Michel Platini France
67%
1985 Michel Platini France
67%
1999 Rivaldo Brazil
67%
1968 George Best Northern Ireland
60%
1987 Ruud Gullit Netherlands
59%
1994 Hristo Stoichkov Bulgaria
56%
1993 Roberto Baggio Italy
56%
1966 Bobby Charlton England
55%
1965 Eusébio Portugal
51%
1957 Alfredo Di Stéfano Spain
50%
1959 Alfredo Di Stéfano Spain
50%
1990 Lothar Matthäus Germany
46%
1960 Luis Suárez Spain
39%
1996 Matthias Sammer Germany
35%
1991 Jean-Pierre Papin France
33%
1982 Paolo Rossi Italy
32%
1956 Stanley Matthews England
32%
1980 Karl-Heinz Rummenigge Germany
29%
1981 Karl-Heinz Rummenigge Germany
29%
1978 Kevin Keegan England
26%
1979 Kevin Keegan England
26%
1958 Raymond Kopa France
26%
1964 Denis Law Scotland
22%
1969 Gianni Rivera Italy
18%
1986 Igor Belánov Soviet Union
16%
1977 Allan Simonsen Denmark
15%
1961 Omar Sívori Italy
13%
1962 Josef Masopust Czechoslovakia
11%
1967 Flórián Albert Hungary
9%
1975 Oleg Blojín Soviet Union
2%
No matching quizzes found
Score Distribution
Percent of People with Each Score
Percentile by Number Answered
Your Score History
You have not taken this quiz since the last reset